Southville International School and Colleges
Your cart is empty.
  • Cart
  • Lists
    Public lists list_1 View all
    Your lists Log in to create your own lists
  • Log in to your account
  • Your cookies
  • Search history
Southville International School and Colleges
  • Advanced search
  • Recent comments
  • Most popular
  • Libraries

Log in to your account

Log in with GOOGLE


If you do not have an external account, but do have a local account, you can still log in:

  1. Home
  2. MARC view: Writing winning business proposals /
Normal view MARC view ISBD view

Writing winning business proposals / (Record no. 24404)

[ view plain ]
MARC details
000 -LEADER
fixed length control field 00597nam a2200217 a 4500
005 - DATE AND TIME OF LATEST TRANSACTION
control field 20140310183521.0
008 - FIXED-LENGTH DATA ELEMENTS--GENERAL INFORMATION
fixed length control field 111003s19uu xx 00 eng d
020 ## - INTERNATIONAL STANDARD BOOK NUMBER
International Standard Book Number 9780071742320
050 ## - LIBRARY OF CONGRESS CALL NUMBER
Classification number HF 5718.5
Item number .F74 2011
100 ## - MAIN ENTRY--PERSONAL NAME
Personal name Freed, Richard
245 ## - TITLE STATEMENT
Title Writing winning business proposals /
Statement of responsibility, etc Richard Freed.
250 ## - EDITION STATEMENT
Edition statement 3rd ed.
260 ## - PUBLICATION, DISTRIBUTION, ETC. (IMPRINT)
Place of publication, distribution, etc New York :
Name of publisher, distributor, etc McGraw Hill,
Date of publication, distribution, etc 2011.
300 ## - PHYSICAL DESCRIPTION
Extent 311 p. :
Other physical details ill. ;
Dimensions 25 cm
521 ## - TARGET AUDIENCE NOTE
Target audience note
650 ## - SUBJECT ADDED ENTRY--TOPICAL TERM
Topical term or geographic name as entry element Proposal writing in business
700 ## - ADDED ENTRY--PERSONAL NAME
Personal name Romano, Joseph
700 ## - ADDED ENTRY--PERSONAL NAME
Personal name Freed, Shervin
942 ## - ADDED ENTRY ELEMENTS (KOHA)
Koha item type Books
Source of classification or shelving scheme Library of Congress Classification
Call number prefix Foreign
Holdings
Withdrawn status Lost status Source of classification or shelving scheme Damaged status Home library Current library Shelving location Date acquired Source of acquisition Total Checkouts Full call number Barcode Date last seen Copy number Price effective from Koha item type
    Library of Congress Classification   College Library College Library General Circulation Section 01/20/2014 Donation   HF 5718.5 .F74 2011 C12392 05/15/2018 1 01/20/2014 Books

Writing winning business proposals /

APA

Freed R., Romano J. & Freed S. (2011). Writing winning business proposals. New York: McGraw Hill.

Chicago

Freed Richard, Romano Joseph and Freed Shervin. 2011. Writing winning business proposals. New York: McGraw Hill.

Harvard

Freed R., Romano J. and Freed S. (2011). Writing winning business proposals. New York: McGraw Hill.

MLA

Freed Richard, Romano Joseph and Freed Shervin. Writing winning business proposals. New York: McGraw Hill. 2011.

  • Place hold
  • Print
  • Cite
  • Add to your cart (remove)
  • Save record
    BIBTEX Dublin Core MARCXML MARC (non-Unicode/MARC-8) MARC (Unicode/UTF-8) MARC (Unicode/UTF-8, Standard) MODS (XML) RIS
  • More searches
    Search for this title in:
    Other Libraries (WorldCat) Other Databases (Google Scholar) Online Stores (Bookfinder.com) Open Library (openlibrary.org)

Exporting to Dublin Core...

SOUTHVILLE LIBRARY

Southville International School and Colleges Library

1281 Tropical Ave. Cor. Luxembourg St., BF Homes International, Las Pinas City

Tel. No. 8256374 / 252358 Loc. 117/146

Powered by Koha